Les fromages français (AOC AOP) - Statistiques

Statistiques générales
  • Ce quiz a été pris 4 237 fois
    4 139 depuis la dernière actualisation
  • Le résultat moyen est 21 sur 46
Statistiques - réponses
Hint Réponse % Correct
NORMANDIE Camembert de Normandie
89%
FRANCHE-COMTE Comté
88%
MIDI-PYRENEES Roquefort
79%
AUVERGNE Cantal
72%
NORD-PAS DE CALAIS Maroilles
72%
ALSACE Munster
72%
AUVERGNE Bleu d'Auvergne
67%
ILE-DE-FRANCE Brie de Meaux
67%
AUVERGNE Saint-Nectaire
66%
RHONE-ALPES Reblochon
63%
RHONE-ALPES Beaufort
62%
FRANCHE-COMTE Morbier
58%
AUVERGNE Fourme d'Ambert
57%
RHONE-ALPES Abondance
56%
AQUITAINE Ossau-Iraty
52%
RHONE-ALPES Gruyère français
51%
BOURGOGNE Epoisses
50%
ILE-DE-FRANCE Brie de Melun
49%
BASSE NORMANDIE Livarot
48%
FRANCHE-COMTE Mont d'Or
48%
CHAMP. ARDENNES Chaource
46%
HAUTE-NORMANDIE Neufchâtel
45%
BASSE NORMANDIE Pont l'Evêque
45%
CORSE Brocciu
43%
MIDI-PYRENEES Rocamadour
43%
CENTRE Crottin de Chavignol
42%
POITOU-CHARENTES Chabichou du Poitou
39%
AUVERGNE Salers
39%
FRANCHE-COMTE Bleu de Gex
38%
CENTRE Sainte-Maure de Touraine
38%
CHAMP. ARDENNES Langres
36%
CENTRE Valençay
35%
RHONE-ALPES Picodon
32%
P.A.C.A. Banon
31%
CENTRE Selles-sur-Cher
29%
MIDI-PYRENEES Bleu des Causses
28%
RHONE-ALPES Fourme de Montbrison
28%
MIDI-PYRENNES Laguiole
28%
LANG. ROUSSILLON Pélardon
28%
CENTRE Pouligny-Saint-Pierre
27%
RHONE-ALPES Bleu du Vercors-Sassenage
24%
BOURGOGNE Charolais
23%
RHONE-ALPES Chevrotin
23%
BOURGOGNE Mâconnais
20%
RHONE-ALPES Rigotte de Condrieu
19%
RHONE-ALPES Tomme des Bauges
19%
Aucun quiz correspondant
Distribution des résultats
% des personnes avec chaque résultat
Percentile par nombre de réponses
Votre historique - résultats
Vous n’avez pas pris ce quiz depuis la dernière actualisation